|
|
|
|
| LEADER |
00000cam a2200000 a 4500 |
| 001 |
vtls008381281 |
| 003 |
SK-MaSNL |
| 005 |
20260301020930.0 |
| 008 |
230403s1954 xo a f f 000 0 slo |
| 015 |
|
|
|a SNBA19451955-006168
|
| 020 |
|
|
|q (brožované)
|
| 035 |
|
|
|a SK01SNKBKSFS20020073498
|
| 035 |
|
|
|a urn:nbn:sk:snk-am3i75m
|
| 035 |
|
|
|a 7467DC8E-5747-4498-A932-9F581BBC44D6
|
| 035 |
|
|
|a urn:nbn:sk:snk-am00dqru
|
| 035 |
|
|
|a SKM000075961
|
| 040 |
|
|
|a SNK
|b slo
|c SNK
|e AACR2
|
| 041 |
0 |
|
|a slo
|
| 044 |
|
|
|a xo
|c SK
|
| 072 |
|
7 |
|a 796
|x Šport. Hry. Telesné cvičenia
|2 konspekt
|
| 080 |
|
|
|a 796.4
|2 1981
|
| 080 |
|
|
|a 796.42/.43
|2 2011
|
| 080 |
|
|
|a (035)
|2 2011
|
| 100 |
1 |
|
|a Kuchen, Andrej,
|d 1912-1985
|4 aut
|9 178957
|
| 245 |
1 |
0 |
|a Názorná metodika základov ľahkej atletiky
|c Andrej Kuchen
|
| 250 |
|
|
|a 1. vyd.
|
| 260 |
|
|
|a Martin
|b Osveta
|c 1954
|
| 300 |
|
|
|a 116 strán
|b ilustrácie, tabuľky
|c 21 cm
|
| 366 |
|
|
|e 2200 kusov
|
| 504 |
|
|
|a Obsahuje bibliografiu ; bibliografické odkazy
|
| 650 |
0 |
7 |
|a atletika
|2 SNKPH
|9 3279
|
| 655 |
|
7 |
|a metodické príručky
|2 SNKPH
|9 70250
|
| 700 |
1 |
|
|a Švec, Ján,
|d 1930-2017
|4 ill
|9 171357
|
| 700 |
1 |
|
|a Šimonek, Jaromír,
|d 1930-2015
|4 ill
|9 198081
|
| 852 |
|
|
|a Slovenská národná knižnica
|
| 954 |
|
|
|a odborná, vedecká literatúra pôvodná (slovenská)
|2 lita
|
| 958 |
|
|
|a RK
|
| 958 |
|
|
|a TL
|
| 958 |
|
|
|a NB
|
| 958 |
|
|
|a OND
|
| 958 |
|
|
|a EUIPO
|
| 999 |
|
|
|c 564151
|d 566081
|
| 952 |
|
|
|a SNK
|b SNK
|y PREZ
|7 0
|p 17A0775745
|o snkSC 5336
|i snk1546/55
|0 0
|1 0
|4 0
|d 2019-03-18
|f 1
|l 0
|r 2025-07-04 00:00:00
|w 2026-02-23
|